| 000 | 00896 a2200157 4500 | ||
|---|---|---|---|
| 003 | Nust | ||
| 005 | 20230526104818.0 | ||
| 040 | _cNust | ||
| 082 | _a808.4,HAL | ||
| 100 |
_aJ.B.S. Haldane, _9100427 |
||
| 245 |
_aPossible Worlds and other essays _cJ.B.S Haldane _band other essays |
||
| 260 |
_alondon _bChatto and Windus _c1945 |
||
| 300 | _avii,312p; | ||
| 505 | _aOn Scales (Page-1), Some Dates (Page-7), On Being the Right Size (Page-18), Enzymes (Page-45), Vitamin (Page-51), Man as a sea Beast (Page-57), Immunity (Page-82), Food Poisoning (Page-99), What Use is Astronomy ? (Page-120), William Bateson (Page-135), The Future of Biology (Page-139), Nationality and Research (Page-154), Scientific Research for Amateurs (Page-162), Science and Politics (Page-182), When I an Dead (Page-204), Meroz (Page-241), Possible Worlds (Page-260), The Last Judgment (Page-287). | ||
| 942 |
_2ddc _cBK |
||
| 999 |
_c193961 _d193961 |
||